• 首页
  • 本馆介绍
  • 公告通知
  • 最新文献
  • 馆藏检索
  • 电子资源
  • 读者导购
  • 参考咨询
  • 我的图书馆
  • 登录
  • 详细信息显示
  • 放入我的书架
  • 预约/预借图书
  • 作者相关作品
  • 分类相关作品
  • 丛书相关作品
  • 出版社相关作品

书目信息

  • 表格格式
  • 工作单格式
  • 卡片格式
题名:
高清日本战国史
    
 
作者: 樱雪丸 著
分册: 2  
出版信息: 重庆   重庆出版社  2017.03
页数: 310页
开本: 24cm
丛书名:
单 册:
中图分类: K313.34
科图分类:
主题词:
电子资源:
ISBN: 978-7-229-11273-8
000 01151nam0 2200241 450
001 008351605
005 20170911155724.18
010    @a978-7-229-11273-8@dCNY36.80
100    @a20170330d2017 em y0chiy50 ea
101 0  @achi
102    @aCN@b500000
105    @ay z 000yy
106    @ar
200 1  @a高清日本战国史@9gao qing ri ben zhan guo shi@h2@f樱雪丸著
210    @a重庆@c重庆出版社@d2017.03
215    @a310页@d24cm
330    @a本书为《史上最强日本史》全新修订版,本套书中从德川家康的出生写起,直到日本被丰臣秀吉统一为止,主要分三条线索讲述了日本战国时代的历史:第一条线索:讲述了德川家康从一介人质的身份起家,统一三河并不断走向壮大,其在夹缝中求生存中最为坚苦卓绝的人生岁月;第二条线索,叙述了织田信长从一个不被世人看好的“火星人”,逐渐成为天下霸主,并最终在本能寺事变中自杀身亡的短暂而又辉煌的一生;第三条线索,描写了出身寒微的丰臣秀吉艰辛的奋斗历程,也正是他的雄才大略,才最终统一了整个日本,结束了黑暗的战国时代。
333    @a历史爱好者
607    @a日本@x中世纪史@z1543-1868
690    @aK313.34@v5
701  0 @a樱雪丸@9ying xue wan@f(198?-)@4著
801  0 @aCN@b人天书店@c20170330
905    @b1062888-93@dK313.34@e72:2@f6
    
    高清日本战国史.2/樱雪丸著.-重庆:重庆出版社,2017.03
    310页;24cm
    使用对象:历史爱好者
    
    ISBN 978-7-229-11273-8:CNY36.80
    本书为《史上最强日本史》全新修订版,本套书中从德川家康的出生写起,直到日本被丰臣秀吉统一为止,主要分三条线索讲述了日本战国时代的历史:第一条线索:讲述了德川家康从一介人质的身份起家,统一三河并不断走向壮大,其在夹缝中求生存中最为坚苦卓绝的人生岁月;第二条线索,叙述了织田信长从一个不被世人看好的“火星人”,逐渐成为天下霸主,并最终在本能寺事变中自杀身亡的短暂而又辉煌的一生;第三条线索,描写了出身寒微的丰臣秀吉艰辛的奋斗历程,也正是他的雄才大略,才最终统一了整个日本,结束了黑暗的战国时代。
●
相关链接 在E读中查询图书 在五车中查询图书 在当当中查询图书 在豆瓣中查询图书


正题名:高清日本战国史     索取号:K313.34/72:2         预约/预借

序号 登录号 条形码 馆藏地/架位号 状态 备注
1 1062888   210628882   第二样本阅览室/ [索取号:K313.34/72:2] 在馆    
2 1062889   210628891   史法系资料室/ [索取号:K313.34/72:2] 在馆    
3 1062890   210628908   第二借阅区/ [索取号:K313.34/72:2] 在馆    
4 1062891   210628917   第二借阅区/ [索取号:K313.34/72:2] 在馆    
5 1062892   210628926   第二借阅区/ [索取号:K313.34/72:2] 在馆    
6 1062893   210628935   第二借阅区/ [索取号:K313.34/72:2] 在馆    
唐山师范学院图书馆 欢迎您!
大连网信软件有限公司© 版权所有